Uñas azules, Jacques y Ciompi : las revoluciones populares en Europa en los siglos XIV y XV /
Historia de los movimientos de campesinos y artesanos, en defensa de mejoras económicas y de una política social más justa de parte de los señores feudales. El análisis se centra, fundamentalmente, en el siglo XIV y primeros decenios del XV. El texto forma parte de una historia amplia de los movimie...
-д хадгалсан:
| Үндсэн зохиолч: | |
|---|---|
| Бусад зохиолчид: | |
| Формат: | Ном |
| Хэл сонгох: | испани |
| Хэвлэсэн: |
Madrid, España :
Siglo XXI,
1976, c1976
|
| Цуврал: | (Historia de los Movimientos Sociales)
|
| Нөхцлүүд: | |
| Шошгууд: |
Шошго байхгүй, Энэхүү баримтыг шошголох эхний хүн болох!
|
MARC
| LEADER | 00000nam^a2200000^a^4500 | ||
|---|---|---|---|
| 001 | 000130590 | ||
| 005 | 20250521000000.0 | ||
| 009 | 20260310094951.857 | ||
| 020 | |a 84-323-0232-5 | ||
| 037 | |a Acervo ITESO - Biblioteca | ||
| 041 | |a ESP | ||
| 082 | |a 909. |b MOV V. 11 | ||
| 100 | |a Mollat, Michel |e (autor) | ||
| 240 | 1 | 1 | |a [Historia de los movimientos sociales] |
| 245 | 1 | 0 | |a Uñas azules, Jacques y Ciompi : |b las revoluciones populares en Europa en los siglos XIV y XV / |c M. Mollat, P. Wolff ; tr. por Santiago Funes. |
| 264 | 4 | |a Madrid, España : |b Siglo XXI, |c 1976, c1976 | |
| 300 | |a 284 p. | ||
| 336 | |a texto |b txt |2 rdacontenido | ||
| 337 | |a sin mediación |b n |2 rdamedio | ||
| 338 | |a volumen |b nc |2 rdasoporte | ||
| 440 | 1 | |a (Historia de los Movimientos Sociales) | |
| 500 | |a Traducción de: Ongles bleus, Jacques et Ciompi. Les révolutions populaires en Europe aux XIVe et XVe siècles | ||
| 520 | |a Historia de los movimientos de campesinos y artesanos, en defensa de mejoras económicas y de una política social más justa de parte de los señores feudales. El análisis se centra, fundamentalmente, en el siglo XIV y primeros decenios del XV. El texto forma parte de una historia amplia de los movimientos sociales. | ||
| 649 | |a XX | ||
| 650 | |a Movimientos Campesinos - |z Europa - |x Historia - |y Siglo XIV | ||
| 650 | |a Movimientos Campesinos - |z Europa - |x Historia - |y Siglo XV | ||
| 650 | |a Movimientos Sociales - |z Europa - |x Historia - |y Siglo XIV | ||
| 650 | |a Movimientos Sociales - |z Europa - |x Historia - |y Siglo XV | ||
| 650 | |a Revolución - |z Europa - |x Historia - |y Siglo XIV | ||
| 650 | |a Revolución - |z Europa - |x Historia - |y Siglo XV | ||
| 650 | |a Política - |z Europa - |x Historia - |y Siglo XIV | ||
| 650 | |a Política - |z Europa - |x Historia - |y Siglo XV | ||
| 650 | |a Europa - |x Historia - |y Siglo XIV | ||
| 650 | |a Europa - |x Historia - |y Siglo XV | ||
| 700 | |a Wolff, Philippe |e (autor) | ||
| 910 | |a Fondo Armando Suárez Gómez | ||
| 920 | |a Impresos - Libros | ||
| 930 | |a Fondos Especiales | ||
| 905 | |a 111 | ||
| 901 | |a 0700006644 |b IT2 |c ESP |u 20250521 | ||
| 902 | |a https://opac.biblio.iteso.mx/vufind/Record/000130590 | ||